MDQL
is popping MORE tags! Check the
thread
!
Quizzes
Events
Quiz Creation
Community
Videos
Private Events
Remove Ads
Sign In
Join for FREE
Feedback
Dark Mode
Quiz Categories
Sports
Geography
Music
Movies
Television
Just For Fun
Miscellaneous
History
Literature
Language
Science
Gaming
Entertainment
Religion
Holiday
For Kids
Quiz Lab
Recent
Popular Today
Quiz Kudos Today
Editor Picks
Curator Picks
Quizzes by...
Day
Popularity
Type
Ratings
Length
Year
Community
Subscriptions
Recent Discussions
Orange Saloon
Badges
Playlists
Quests
Create
Leaderboards
Showdown
Live 5
Trivia Bingo
Activity
Puzzle Library
Sporcle Events
Private Events
Virtual Trivia
Globe League
Become a Host
Pub Owners
SporcleCon
Opinionation
Our Games
Videos
Blog
Mobile Apps
Partnerships
Remove Ads and Go Orange
Feedback
Holiday
Halloween
Christmas
Holiday Songs
April Fools'
Thanksgiving
Valentine's Day
Easter
St Patrick's Day
National Holiday
Religious Holiday
Holiday
Halloween
Christmas
Holiday Songs
April Fools'
Thanksgiving
Valentine's Day
Easter
St Patrick's Day
National Holiday
Religious Holiday
Random Quiz
Search Sporcle
×
Editor Pick
Editor Pick
Holiday
Lyrics
Type in answers that appear in a list
Type in answers that appear in a list
Classic
Best Score? Go Orange.
Undercover Christmas Song Stats
Can you name the lyrics to this mystery Christmas song?
By
trick39berry
7m
111 Questions
7,453 Plays
7,453 Plays
7,453 Plays
Comments
Comments
Give Quiz Kudos
Give Quiz Kudos
-
- Ratings
hide this ad
Replay
Link that replays current quiz
Next Quiz
Link to next quiz in quiz playlist
You Got
0%
They Got
Avg Score
56%
Avg Friend Score
Upgrade to see
Score Distribution
Jump to the score distribution portion of the page
Score
0/111
Timer
07:00
0
Plays Today
% Correct
a
94.2%
a
94.2%
Christmas
93.7%
the
89.7%
you.
86.9%
to
85.7%
to
85.7%
to
85.7%
To
85.7%
to
85.7%
To
85.7%
to
85.7%
to
85.7%
an
84.5%
Merry
84%
And
79.6%
and
79.6%
and
79.6%
And
79.6%
And
79.6%
on
76.2%
on
76.2%
on
76.2%
it
73.5%
is
67.4%
your
67.2%
of
64.3%
at
64.2%
so
64.1%
all
61.7%
open
60.4%
fire,
59.8%
roasting
59.3%
Chestnuts
59.2%
Frost
59%
nose,
58.5%
Jack
58.3%
% Correct
nipping
57.7%
if
56.6%
its
56.4%
one
56.2%
know
56.2%
know
56.2%
every
55.9%
way;
55.5%
this
55.4%
up
55.2%
They
54.5%
from
53.9%
that
53.7%
by
53.2%
child
53.1%
sleigh.
53%
how
53%
his
52.5%
his
52.5%
reindeer
52.2%
I'm
51.8%
see
51.8%
like
51.5%
been
50.8%
with
50.5%
many
49.6%
many
49.6%
said
49.2%
times,
49.2%
carols
49.2%
being
49.1%
Will
49%
sung
48.5%
ways,
48.4%
mistletoe,
48.1%
Santa's
47.7%
Yuletide
47.6%
% Correct
some
47.5%
fly.
47.5%
Eskimos.
47.3%
dressed
47.2%
choir,
47.1%
really
46.9%
kids
46.8%
ninety-two.
46.2%
their
46.2%
toys
46.2%
bright.
45.7%
make
45.5%
folks
45.4%
simple
44.7%
lots
44.6%
mother's
44.6%
offering
44.4%
Everybody
44.4%
He's
44.1%
knows
43.9%
season
43.8%
goodies
43.3%
sleep
43.2%
Although
42.9%
tonight.
42.8%
turkey
42.3%
eyes
41.9%
phrase,
41.8%
aglow,
41.7%
Help
41.1%
find
41%
hard
40.9%
Tiny
40.8%
tots
40.8%
going
40.5%
loaded
36.1%
spy,
35.9%
Quiz Playlist
Details
Report
Send in Message
Add To Playlist
Classic:
Type in answers that appear in a list
Quiz Source
Last Updated: Feb 16, 2017
Editor Pick in
Holiday
Quiz Scoreboard
CHALLENGE
Sign Up to Join the Scoreboard
Show All
Scores
Hide
Comments
May contain spoilers
Recently Published
Find the 'City' Movie
by crazypaving
Movies
60s
5x2 Blitz: Bands
by SL_Kpop136
Music
30s
Colored Red Africa Blitz
by spor1
Geography
30s
More to Explore
Quiz From the Vault
Featured Blog Post
14 Easter Pick-up Lines to Find Eggs With
hide this ad
You Might Also Like...
Tags
Christmas Quiz
Lyrics Quiz
Religious Holiday Quiz
Carol
Figure Out the Lyrics
Today's Top Quizzes in Holiday
Browse Holiday
hide this ad
Today's Top Quizzes in Lyrics
Browse Lyrics
Top Contributed Quizzes in Holiday
1
Pick the Easter Eggs hidden in the Garden
2
5-to-1: Holiday Songs
3
5-to-1: Thanksgiving
4
New Year’s Party Puzzle
5
April Fools' Zebra Puzzle
6
Easter Teddy Bears
7
Thanksgiving Dinner by Criteria
8
Easter - Did You Know?
9
Christmas Pick: Easter
10
Holidays Spelling Bee
Explore More
Trending Topics
Marvel
Anime
NBA
Kpop
Harry Potter
Disney
Crossword
Pokémon
The Office
Puzzle
Song
NFL
WWE
Country
Soccer
hide this ad
More By:
trick39berry
Quiz
Plays
Rating
Category
Featured
Created
US States With The Most Of Each Letter
105,151
4.63
Geography
Jul 14, 2011
Mixed Word: Common Bond LV
46,424
4.05
Just For Fun
Feb 27, 2011
Word Ladder: Wild Animals
23,528
4.07
Just For Fun
May 2, 2011
State Capitals with the Most of Each Letter
21,015
4.65
Geography
Jul 19, 2011
Undercover Christmas Song
7,453
4.63
Holiday
Nov 23, 2010
Go to Creator's Profile
Score Distribution
Quiz Creator Spotlight
trick39berry
Follow
Send a Message
Quizzes Created
-
Created Quiz Play Count
-
More By This Creator
Popular Quizzes Today
1
Colored Red Africa Blitz
2
Find the 'City' Movie
3
Find the US States - No Outlines Minefield
4
5x2 Blitz: Bands
5
The Countries of the World
6
Find the US States
7
Find the Countries of Europe - No Outlines Minefield
8
US States
More Holiday Quizzes
► Celebrating Each Day: April
Editor's Pick
Trending Quizzes
Colored Red Europe Blitz I
Colored Red Africa Blitz II
Colored Red Europe Blitz II
Colored Red Europe Blitz III
Colored Red Africa Blitz III
Recently Updated
How Do You Spell That?
pecheneg
Godzilla Movies
pecheneg
Grab Bag: 4-10 Letters
pecheneg
2024 March Madness Bracket
pecheneg
Famous TV Couples
Peacemaker
Champions League XIs: Real Madrid
pecheneg
Largest US Cities 1790-2010
pecheneg
Rides in Walt Disney World
pecheneg
Most Oscar Losses (Acting)
pecheneg
Beyoncé Albums
pecheneg
Trending Topics
NBA
Harry Potter
Marvel
Disney
Crossword
Kpop
Anime
Soccer
NFL
Song
The Office
Puzzle
Country
Pokémon
WWE
Your Account Isn't Verified!
In order to create a playlist on Sporcle, you need to verify the email address you used during registration. Go to your
Sporcle Settings
to finish the process.
Report this User
Report this user for behavior that violates our
Community Guidelines
.
Details:
Send Report
Go to the Sporcle.com Mobile Site →
Comments